| 000 | 00724nam a2200217Ia 4500 | ||
|---|---|---|---|
| 001 | 13283 | ||
| 003 | GE_BSU | ||
| 008 | 181216s||||||||xx |||||||||||||| ||und|| | ||
| 040 | _cGE_BSU | ||
| 080 | _a634.117(076.5) | ||
| 100 | _aКолесников,В.А. Кузнецов,М.Д.Тарасов,В.М. и др. | ||
| 245 | _aПрактикум по плодоводству | ||
| 245 | _bЛабораторные практические занятия и учебная практика | ||
| 260 | _aМосква | ||
| 260 | _bКолос | ||
| 260 | _c1971 | ||
| 300 | _a304стр.илл.20см. | ||
| 300 | _cБиблиогр.с.301-302 | ||
| 653 | _aПрактикум по плодоводству | ||
| 942 | _cBK | ||
| 999 |
_c46445 _d46445 |
||